000 00206 a2200097 4500
020 _a8944513362083
041 _aspa
100 _aSicoben
245 _a Tania la tortuga encuentra asus Hermanos
942 _cBK
999 _c29053
_d29051